000 00308nam a2200121Ia 4500
008 190902s9999||||xx |||||||||||||| ||und||
020 _a245-59319-5
100 _aNazir hussain shaheen
245 0 _aIntroduction to company Law
260 _aKarachi
_bPetiwala Book Depot
_c2012
300 _a391
942 _cBK
999 _c2800
_d2800